000 00582nam a22001937a 4500
999 _c1203
_d1203
003 OSt
005 20240304154951.0
008 160305b xxu||||| |||| 00| 0 eng d
020 _a978-971-9919-57-5
040 _cLIC
082 _22014
_aDFil 346.072
_bSo65
245 _aSales, agency and credit transaction :
_blaw and application : for business students/
_cFidelito R. Soriano.
260 _aManila :
_bGIC Enterprises & Company,
_c©2014.
300 _a543 pages ;
_c23 cm.
365 _b795.00
_cPhp
650 0 _93435
_aSales
650 0 _93436
_aAgency
942 _2ddc
_cDFIL